| Tag |
First Indicator |
Second Indicator |
Subfields |
| LEADER |
00000cam a2200000 a 4500 |
| 001 |
in00000023901 |
| 005 |
20151007055551.0 |
| 008 |
861230s1988 flua b 00110 eng |
| 010 |
|
|
|a 86034416
|
| 020 |
|
|
|a 0894642057
|
| 035 |
|
|
|a (OCoLC)15083642
|
| 035 |
|
|
|9 AAB8601AM
|
| 040 |
|
|
|a DLC
|c DLC
|d TXA
|d UtOrBLW
|
| 049 |
|
|
|a TXAM
|c [A11505670]
|
| 050 |
0 |
0 |
|a TP248.25.I55
|b K65 1988
|
| 082 |
0 |
|
|a 660/.62
|2 19
|
| 100 |
1 |
|
|a Kolot, Frieda B.
|
| 245 |
1 |
0 |
|a Immobilized microbial systems :
|b principles, techniques, and industrial applications /
|c Frieda B. Kolot.
|
| 250 |
|
|
|a Original ed.
|
| 264 |
|
1 |
|a Malabar, Fla. :
|b R.E. Krieger Pub. Co.,
|c 1988.
|
| 300 |
|
|
|a x, 170 pages :
|b illustrations ;
|c 24 cm.
|
| 336 |
|
|
|a text
|b txt
|2 rdacontent
|
| 337 |
|
|
|a unmediated
|b n
|2 rdamedia
|
| 338 |
|
|
|a volume
|b nc
|2 rdacarrier
|
| 504 |
|
|
|a Includes bibliographies and indexes.
|
| 650 |
|
0 |
|a Immobilized cells.
|
| 650 |
|
0 |
|a Industrial microbiology.
|
| 650 |
|
0 |
|a Fermentation.
|
| 999 |
|
|
|a MARS
|
| 999 |
f |
f |
|s 0cd8af3a-755b-3148-9bd4-1f9762acefab
|i 705eaa4b-84ed-3c4a-a3ec-49df27152b42
|t 0
|
| 952 |
f |
f |
|p ric
|a Texas A&M University
|b Rellis Campus
|c Joint Library Facility
|d Remote Storage
|t 0
|e TP248.25.I55 K65 1988
|h Library of Congress classification
|i unmediated -- volume
|m A14811505670
|
| 998 |
f |
f |
|a TP248.25.I55 K65 1988
|t 0
|l Remote Storage
|